kku e-library facility

A Field Guide to Bacteria (Record no. 166)

MARC details
000 -LEADER
fixed length control field 00381nam a2200133 4500
005 - DATE AND TIME OF LATEST TRANSACTION
control field 20260224114225.0
008 - FIXED-LENGTH DATA ELEMENTS--GENERAL INFORMATION
fixed length control field 260224b |||||||| |||| 00| 0 eng d
020 ## - INTERNATIONAL STANDARD BOOK NUMBER
International Standard Book Number 9780801488542
100 ## - MAIN ENTRY--PERSONAL NAME
Personal name Dyer Dexter Betsey
245 ## - TITLE STATEMENT
Title A Field Guide to Bacteria
Statement of responsibility, etc. /Betsey Dexter Dyer
260 ## - PUBLICATION, DISTRIBUTION, ETC.
Place of publication, distribution, etc. New York;
Name of publisher, distributor, etc. Cornell University;
Date of publication, distribution, etc. 2003
300 ## - PHYSICAL DESCRIPTION
Extent viii,355p. ill;
Dimensions 21.5cm
942 ## - ADDED ENTRY ELEMENTS (KOHA)
Source of classification or shelving scheme Library of Congress Classification
Suppress in OPAC No
Koha item type Books

No items available.

©2025 All rights reserved. KKU